<The> Economic History Review <the> journal of economic and social history

Gespeichert in:
Bibliographische Detailangaben
Format: Schriftenreihe
Sprache:Englisch
Veröffentlicht: Oxford Blackwell Publ. 1994
Schlagworte:
Tags: Tag hinzufügen
Keine Tags, Fügen Sie das erste Tag hinzu!

MARC

LEADER 00000nas2a2200000 4500
001 s017828
005 20041019155332.1
022 |a 0013-0117 
041 0 |a eng 
044 |a GB 
245 1 0 |a <The> Economic History Review  |b <the> journal of economic and social history 
264 1 |a Oxford  |b Blackwell Publ.  |c 1994 
300 |a 1 zv. 
773 0 |w eu_un_cat*s120439 
610 2 0 |a ekonómia 
610 2 0 |a dejiny hospodárske